[Event "FIDE World Cup 2017"]
[Site "Tbilisi"]
[Date "2017.09.05"]
[Round "1.4"]
[White "Smirnov, Anton"]
[Black "Karjakin, Sergey"]
[Result "0-1"]
[WhiteElo "2508"]
[BlackElo "2780"]
[Annotator "TA"]
[PlyCount "124"]
[EventDate "2017.??.??"]
[EventType "k.o."]
[EventCountry "GEO"]
[SourceTitle "playchess.com"]
[Source "ChessBase"]
[SourceQuality "1"]

{[%evp 22,124,22,19,18,18,22,16,26,22,29,0,0,0,0,0,0,-18,-17,-10,0,0,5,0,0,-10,-11,-34,-28,-39,-36,-37,-39,-58,-63,-62,-62,-88,-93,-99,-87,-119,-90,-126,-105,-109,-71,-172,-174,-185,-175,-172,-122,-147,-144,-118,-149,-151,-149,-160,-160,-165,-162,-177,-177,-206,-207,-197,-202,-262,-246,-287,-300,-402,-389,-414,-427,-483,-483,-444,-461,-467,-454,-465,-465,-454,-454,-610,-568,-810,-808,-795,-777,-758,-741,-698,-713,-29971,-29971,-29986,-29987,-29987,-29988,-29988,-29989]} 1. d4 Nf6 2. c4 e6 3. Nf3 d5 4. Nc3 c5 5. cxd5 cxd4 6. Qxd4 exd5 7. e4 Nc6 8. Bb5 {D41: Queen's Gambit Declined: Semi-Tarrasch with 5 cxd5} dxe4 9. Qxd8+ Kxd8 10. Ng5 Be6 11. O-O Bb4 12. Ncxe4 {LiveBook: 28 Games} Nxe4 13. Nxe4 Ke7 14. Be3 {With the idea a3.} Rhd8 15. a3 (15. Bxc6 bxc6 {½-½ (29) Wang,H (2698)-Wei,Y (2738) Danzhou 2017}) 15... Nd4 {[#]} 16. axb4 $146 {aiming for Ba4.} (16. Ba6 $5) 16... Nxb5 17. Bc5+ Kd7 18. Rfd1+ Ke8 19. Re1 b6 20. Be3 h6 21. Nc3 Nd6 (21... Nd4 {is more complex.} 22. Red1 Nc2 23. Rxd8+ Rxd8 24. Rxa7 Nxe3 25. fxe3 Rd2) 22. Bf4 (22. f3 {feels hotter.} Kf8 23. Bf2 Bc4 24. h3 Nb5 25. Rec1) 22... Kf8 23. Bxd6+ Rxd6 24. h3 Rd7 25. b5 Rc8 26. Ra4 Rc4 27. Rea1 Rxa4 28. Rxa4 $15 {[%mdl 4096] Endgame KRB-KRN} Ke7 29. Kf1 Kd6 30. Re4 Rc7 31. Ke2 Rc4 $1 32. Re3 Rb4 33. Rd3+ Kc5 34. Rd2 {[#]} (34. Ke3 $17 {was forced.}) 34... Rd4 $1 $19 35. Rc2 Kb4 36. Ke3 Rd7 37. Ne2 Kxb5 38. Nd4+ Kb4 39. Rc3 a5 40. Nc2+ Kb5 41. Nd4+ {[#]} Ka6 $1 42. f4 a4 43. g4 b5 44. Rc5 Bc4 45. g5 hxg5 46. Rxg5 f6 47. Rc5 Ka5 48. Rc8 Kb4 49. Rb8 Re7+ 50. Kf3 Kc5 51. Nc2 Bd5+ 52. Kf2 Re4 53. Rc8+ Bc6 54. f5 b4 {[%cal Bb5b4,Bb4a3,Ba3a2][%mdl 32]} 55. Rc7 Rc4 56. Ne3 Rf4+ 57. Ke2 a3 58. bxa3 bxa3 59. Rxg7 a2 {Black mates.} 60. Rg1 Bb5+ 61. Kd2 Rf2+ 62. Kc3 Bf1 {Precision: White = 33%, Black = 92%.} 0-1

[Event "FIDE World Cup 2017"]
[Site "Tbilisi"]
[Date "2017.09.05"]
[Round "1.5"]
[White "Jobava, Baadur"]
[Black "Salgado Lopez, Ivan"]
[Result "1-0"]
[WhiteElo "2702"]
[BlackElo "2627"]
[Annotator "TA"]
[PlyCount "75"]
[EventDate "2017.??.??"]
[EventType "k.o."]
[EventCountry "GEO"]
[SourceTitle "playchess.com"]
[Source "ChessBase"]
[SourceQuality "1"]

{[%evp 25,75,0,0,0,16,11,13,22,22,22,43,41,43,41,33,43,75,82,108,108,102,106,123,85,80,62,81,81,162,162,145,157,152,122,182,164,190,172,229,229,457,455,434,439,391,422,728,689,824,764,5289,5273]} 1. e4 c5 2. Ne2 Nc6 3. Nbc3 Nf6 4. d4 cxd4 5. Nxd4 e5 6. Ndb5 d6 7. Nd5 Nxd5 8. exd5 Nb8 9. a4 Be7 10. Be2 O-O 11. O-O Nd7 12. a5 a6 13. Nc3 f5 {LiveBook: 8 Games} 14. Ra3 {B33: Sicilian: Pelikan and Sveshnikov Variations} (14. f3 f4 15. Bd2 Nf6 16. Na4 Bf5 17. Bb4 Qe8 18. Bd3 Qg6 19. Bxf5 Qxf5 20. Re1 Rac8 21. Rc1 e4 {0-1 (71) Lanc,A (2509)-Cruzado Duenas,C (2600) ICCF email 2011}) 14... e4 $146 ({Predecessor:} 14... Rb8 15. Kh1 b5 16. axb6 Qxb6 17. Na4 Qc7 18. f3 f4 19. Bd3 Bh4 20. Qe2 Nf6 21. Nc3 Qf7 22. Bxa6 {1-0 (51) Larsen,L (2459)-Blank,W (2452) ICCF email 2010}) 15. Bf4 Ne5 16. Na4 {[%cal Bc3a4,Ba4b6,Bb6c4][%mdl 32] The position is equal.} Ng6 17. Bd2 Bg5 18. Nb6 Rb8 19. f4 exf3 $1 20. Raxf3 Ne5 {[#]} 21. R3f2 $1 Nd7 22. Nc4 $36 {[%mdl 2048] Black is under strong pressure.} (22. Rxf5 $2 Rxf5 23. Rxf5 Bxd2 $19) 22... Bxd2 23. Qxd2 (23. Nxd2 Qxa5 24. Nb3 Qb6 $15) 23... Nf6 24. Bf3 Qc7 25. Qb4 Bd7 26. Re1 Ne4 (26... Rfe8 $16 {might work better.} 27. Rxe8+ Nxe8) 27. Bxe4 $18 fxe4 28. Rxf8+ (28. Qxd6 $6 Qxc4 29. Qxd7 (29. Rxf8+ Rxf8 30. Qxd7 Qxc2 $11) 29... Rxf2 $11) (28. Nxd6 $6 Rxf2 29. Kxf2 Qxc2+ 30. Kg1 e3 $11) 28... Rxf8 29. b3 ({Don't play} 29. Nxd6 $6 Qxc2 30. Nxe4 Qd3 $11) ({Don't do} 29. Rxe4 $6 Bb5 $14) 29... Rf6 (29... Bb5 $16 {keeps fighting.}) 30. Rxe4 Bb5 {intending ...Qf7.} 31. h3 Bxc4 (31... h6 $142 32. Ne3 Bd7) 32. Qxc4 ({But not} 32. Rxc4 $6 Qe7) 32... Qxa5 $2 {[%mdl 4096] Endgame KQR-KQR} (32... Qd8 33. b4 Qd7) 33. Qc8+ Rf8 34. Qe6+ Kh8 35. Qxd6 {[%cal Rd6f8] [#]} Qa1+ (35... Qd8 $142 36. Qe7 Qxe7 37. Rxe7 Rb8) 36. Kh2 {[%cal Rd6f8]} Qf1 37. Re7 b5 38. Qe5 {Precision: White = 90%, Black = 24%.} 1-0

[Event "FIDE World Cup 2017"]
[Site "Tbilisi"]
[Date "2017.09.05"]
[Round "1.5"]
[White "Fressinet, Laurent"]
[Black "Lenic, Luka"]
[Result "0-1"]
[WhiteElo "2657"]
[BlackElo "2646"]
[Annotator "TA"]
[PlyCount "116"]
[EventDate "2017.??.??"]
[EventType "k.o."]
[EventCountry "GEO"]
[SourceTitle "playchess.com"]
[Source "ChessBase"]
[SourceQuality "1"]

{[%evp 16,116,29,29,23,27,35,26,36,20,19,9,30,0,14,-21,-21,-21,-21,-20,0,-12,-12,-14,-15,-14,-14,-24,-16,-25,-24,-35,-24,-28,-27,-36,-27,-25,-16,-37,-41,-41,-41,-45,-39,-41,-36,-36,-37,-45,-37,-35,-33,-56,-56,-65,-67,-110,-124,-110,-108,-311,-231,-292,-260,-306,-303,-920,-938,-679,-650,-1152,-1099,-906,-536,-12833,-1779,-869,-682,-12839,-12839,-12840,-12839,-12839,-12839,-12840,-12840,-12841,-12841,-12841,-12842,-12842,-12843,-12843,-12843,-12844,-12843,-12845,-12845,-12845,-12846,-12846,-12847]} 1. e4 c5 2. Nf3 {[%cal Bg1f3,Bf3d2,Bd2f1,Bf1e3,Be3d5][%mdl 32]} Nc6 3. Nc3 e5 4. Bc4 Be7 5. d3 d6 6. Nd2 Nf6 7. Nf1 Nd7 {B30: Sicilian: 2...Nc6 3 Bb5, lines without ...g6} 8. Ne3 Nb6 9. Ned5 {LiveBook: 4 Games} O-O {White has an edge.} 10. Nxb6 Qxb6 $146 ({Predecessor:} 10... axb6 11. O-O Bg5 12. a4 Bxc1 13. Qxc1 Be6 14. Qd2 h6 15. f4 exf4 16. Rxf4 {½-½ (59) Leko,P (2737)-Gelfand,B (2738) London 2012}) 11. O-O Qd8 12. f4 exf4 $1 13. Bxf4 Be6 14. Qd2 Bf6 15. Kh1 Bxc4 16. dxc4 Bxc3 17. Qxc3 Qe7 18. Qd3 Rad8 19. Rae1 Rfe8 20. b3 Qd7 21. Bg3 Re6 22. Rf2 Qe7 23. Rd2 h6 (23... Ne5 $5 {[%cal Re5d3]} 24. Qe2 b6 $11) 24. Rdd1 Kh8 25. c3 f6 26. Qd5 Ne5 27. Rd2 Nf7 28. Rde2 Re8 29. Bf4 Ne5 30. h3 b6 31. Bg3 Nf7 32. Bf4 Ng5 (32... g6 {keeps more tension.} 33. Re3 h5 34. Kg1 h4 35. R1e2 Kg7) 33. Bxg5 hxg5 34. Rd1 Rxe4 35. Rxe4 Qxe4 36. Qxd6 $15 {[%mdl 4096] Endgame KQR-KQR} Qc2 37. Qd2 {[#]} Re2 $1 {[%cal Re2d2]} 38. Qd8+ $2 (38. Qxc2 $17 {is a better defense.} Rxc2 39. Ra1) 38... Kh7 $19 39. Rg1 Qxc3 40. Qd7 Qe5 ({Resist} 40... Rxa2 41. Qe8 $19) 41. Qxa7 $2 {[#]} (41. a4) 41... g4 $1 {[%cal Bg5g4,Bg4g3][%mdl 544] Black is clearly winning.} 42. Qd7 {[#]} (42. hxg4 Qg3) 42... g3 $1 43. Qd3+ f5 {[%cal Bf6f5,Bf5f4][%mdl 32]} 44. Qf3 g6 {[%cal Bg7g6,Bg6g5][%mdl 32]} 45. Qd3 Rxa2 (45... f4 $142 46. Qf3 Rxa2) 46. Qd7+ Kh6 47. Qd8 Ra1 {( -> ...Rxg1+)} 48. Qd2+ f4 49. Rc1 g5 50. Qd1 Rxc1 51. Qxc1 {[#] KQ-KQ} f3 $1 {[%mdl 512]} 52. gxf3 Qe2 {[%csl Gg3][%cal Re2h2]} 53. Qg1 Qxf3+ 54. Qg2 Qd1+ 55. Qg1 Qxg1+ 56. Kxg1 Kh5 57. Kh1 Kh4 58. Kg2 g4 {Precision: White = 38%, Black = 76%.} 0-1

[Event "FIDE World Cup 2017"]
[Site "Tbilisi"]
[Date "2017.09.05"]
[Round "1.5"]
[White "Demchenko, Anton"]
[Black "Areshchenko, Alexander"]
[Result "1-0"]
[WhiteElo "2650"]
[BlackElo "2645"]
[Annotator "TA"]
[PlyCount "53"]
[EventDate "2017.??.??"]
[EventType "k.o."]
[EventCountry "GEO"]
[SourceTitle "playchess.com"]
[Source "ChessBase"]
[SourceQuality "1"]

{[%evp 21,53,11,20,10,16,0,12,16,28,37,20,12,20,0,0,17,0,0,302,287,294,293,456,447,471,471,473,452,699,700,1023,938,1136,1113]} 1. e4 c5 2. Nf3 d6 3. d4 cxd4 4. Nxd4 Nf6 5. Nc3 a6 6. f3 e5 7. Nb3 Be6 8. Be3 h5 9. Qd2 Nbd7 10. O-O-O Be7 11. Kb1 Rc8 {LiveBook: 226 Games} 12. a3 {B90: Sicilian Najdorf: Unusual White 6th moves, 6 Be3 Ng4 and 6 Be3 e5} b5 13. Bg5 Qc7 14. h4 {[%cal Bh2h4,Bh4h5,Bh5h6,Bh6h7][%mdl 32] [#] The position is equal.} Nb6 $146 ({Predecessor:} 14... O-O 15. g4 hxg4 16. fxg4 Nb6 17. Bxf6 Bxf6 18. g5 Be7 19. Nd5 Bxd5 20. exd5 Nc4 21. Qe2 Ne3 22. Rd3 Nxf1 23. Rxf1 Qc4 24. Na5 {1-0 (24) Gabrielian,A (2526)-Kokarev,D (2651) Taganrog 2017}) 15. Bxf6 gxf6 16. Na5 Rg8 17. g4 hxg4 18. fxg4 Rxg4 19. h5 Rg8 $2 {[%mdl 8192] [#]} (19... Rg5 $11) 20. h6 $18 Rh8 21. h7 Rb8 (21... Qc5 {is a better defense.} 22. Nb7 Qc7) 22. Nd5 {White is clearly winning.} Nxd5 23. exd5 Bf5 24. Nc6 Rb6 (24... Bg6 $142 25. Bd3 (25. Nxb8 Qxb8 26. Bd3 e4 $16) 25... f5) 25. Qg2 Bg6 26. Bd3 f5 {[#]} 27. Bxf5 $1 {[%mdl 512] Precision: White = 78%, Black = 50%.} 1-0

[Event "FIDE World Cup 2017"]
[Site "Tbilisi"]
[Date "2017.09.05"]
[Round "1.5"]
[White "Nguyen, Ngoc Truong Son"]
[Black "Adhiban, B."]
[Result "0-1"]
[WhiteElo "2629"]
[BlackElo "2670"]
[Annotator "TA"]
[PlyCount "60"]
[EventDate "2017.??.??"]
[EventType "k.o."]
[EventCountry "GEO"]
[SourceTitle "playchess.com"]
[Source "ChessBase"]
[SourceQuality "1"]

{[%evp 17,60,31,47,27,31,38,27,-76,-65,-88,0,7,0,0,0,0,23,0,0,0,5,0,0,0,0,-8,0,0,-7,-8,-21,-43,-42,-40,-55,-138,-138,-250,-247,-721,-720,-720,-683,-719,-709]} 1. Nf3 Nf6 2. c4 d6 3. d4 g6 4. g3 Bg7 5. Bg2 O-O 6. O-O Nbd7 7. Nc3 e5 8. e4 c6 9. b3 a6 {LiveBook: 33 Games} 10. dxe5 {E68: King's Indian: Fianchetto: 6...Nbd7 7 0-0 e5 8 e4} dxe5 11. Ba3 Re8 $1 12. c5 $146 {[#]} (12. Bd6 $11 {keeps the balance.}) ({Find the theoretical novelty and annotate with similar games:} 12. Bd6 Bf8 13. Re1 Bxd6 14. Qxd6 Qe7 15. Rad1 Kg7 16. Bh3 Qxd6 17. Rxd6 Nf8 18. Bxc8 Raxc8 {½-½ (32) Kovachev,D (2315)-Marin,M (2576) Helsingor 2016}) 12... Bf8 $1 $17 13. Qd2 Bxc5 (13... a5 $17) 14. Bxc5 $11 Nxc5 15. Qxd8 Rxd8 16. Nxe5 Ng4 (16... Kg7 {keeps more tension.} 17. Rfd1 Be6 18. f3 a5 19. Bf1 h5) 17. Nxg4 (17. Nc4 {feels hotter.} Be6 18. Nb6 Rab8 19. h3 Ne5 20. f4) 17... Bxg4 18. f3 Be6 19. Rfd1 a5 20. Bf1 b5 {[%cal Bb7b5,Bb5b4][%mdl 32]} 21. Rac1 b4 22. Rxd8+ Rxd8 23. Ne2 Nd3 $36 {[%mdl 2048] Black is pushing.} 24. Rxc6 Ne5 25. Rc5 Nxf3+ 26. Kf2 (26. Kg2 $15 Ne1+ 27. Kg1) 26... Nxh2 $17 {And now ...Rd2 would win.} 27. Rxa5 (27. Nf4 $17) 27... Rd1 $19 28. Bg2 $2 {[#]} (28. Nf4 Nxf1 29. Nxe6 fxe6 30. Ra4) 28... Ng4+ {Black is clearly winning.} 29. Kf3 Rd3+ 30. Kf4 f6 {Precision: White = 26%, Black = 84%.} 0-1

[Event "FIDE World Cup 2017"]
[Site "Tbilisi"]
[Date "2017.09.05"]
[Round "1.5"]
[White "Fridman, Daniel"]
[Black "Dubov, Daniil"]
[Result "1/2-1/2"]
[WhiteElo "2625"]
[BlackElo "2666"]
[Annotator "TA"]
[PlyCount "31"]
[EventDate "2017.??.??"]
[EventType "k.o."]
[EventCountry "GEO"]
[SourceTitle "playchess.com"]
[Source "ChessBase"]
[SourceQuality "1"]

{[%evp 19,31,32,30,26,32,13,8,10,4,0,0,0,8,0]} 1. Nf3 c5 2. c4 Nc6 3. Nc3 g6 4. e3 Nf6 5. d4 cxd4 6. exd4 d5 7. cxd5 Nxd5 8. Qb3 Nxc3 9. Bc4 e6 10. bxc3 Bd7 {[#] LiveBook: 11 Games. White must now prevent ...Na5.} 11. Be2 {A35: Symmetrical English: 2 Nc3 Nc6 3 Nf3} ({But not} 11. Qxb7 $2 Rb8 $19) 11... Na5 12. Qc2 Bg7 $146 {The position is equal.} ({Predecessor:} 12... Bd6 13. Bh6 Rc8 14. O-O Qc7 15. Qe4 Bf8 16. Bf4 Bd6 17. Bh6 Bf8 18. Bxf8 Kxf8 {½-½ (51) Kalinin,A (2512)-Tate,E (2377) Boston 2001}) 13. Ba3 Bf8 14. Bc1 Bg7 15. Ba3 Bf8 16. Bc1 1/2-1/2

[Event "FIDE World Cup 2017"]
[Site "Tbilisi"]
[Date "2017.09.05"]
[Round "1.5"]
[White "Erdos, Viktor"]
[Black "Amin, Bassem"]
[Result "1-0"]
[WhiteElo "2619"]
[BlackElo "2699"]
[Annotator "TA"]
[PlyCount "71"]
[EventDate "2017.??.??"]
[EventType "k.o."]
[EventCountry "GEO"]
[SourceTitle "playchess.com"]
[Source "ChessBase"]
[SourceQuality "1"]

{[%evp 17,71,29,34,35,18,11,50,32,41,20,1,0,34,28,54,62,73,62,81,89,102,101,108,88,89,54,202,224,337,360,333,340,423,405,405,418,427,426,422,428,428,420,427,413,550,502,735,720,1702,1728,1082,1627,1511,1544,1468,1416]} 1. Nf3 Nf6 2. c4 g6 3. g3 Bg7 4. Bg2 O-O 5. O-O d6 6. d4 Nc6 7. Nc3 a6 8. e3 {[%cal Be2e3,Be3e4][%mdl 32]} e5 {E63: King's Indian: Fianchetto: Panno Variation with 7...a6} (8... Rb8 9. Qe2 e6 10. b3 b5 11. Bb2 bxc4 12. Qxc4 Nb4 13. a3 Nbd5 14. b4 a5 15. b5 c6 16. a4 cxb5 17. axb5 {½-½ (29) Jakovenko,D (2736)-Wang,H (2739) St Petersburg 2012}) 9. d5 Ne7 {LiveBook: 20 Games} 10. a4 $146 ({Predecessor:} 10. e4 b5 11. Re1 Rb8 12. c5 Ne8 13. b4 c6 14. Bg5 f6 15. Be3 cxd5 16. Nxd5 {1-0 (35) Markus,R (2605)-Can,E (2474) Skopje 2013}) 10... a5 {White is slightly better.} 11. Ne1 b6 12. Nd3 Nd7 13. e4 f5 14. Re1 h6 15. Ra3 Ba6 16. Nb5 Nf6 17. exf5 Nxf5 18. f4 e4 19. Nf2 Re8 20. Nxe4 Nxe4 21. Rxe4 Qd7 ({Better is} 21... Bxb5 $14 22. axb5 Qf6) 22. Re6 $1 $18 Kh7 (22... Bxb5 $142 23. axb5 Bd4+ 24. Kh1 Qg7) 23. g4 Nh4 24. f5 {[%cal Bf4f5,Bf5e6][%mdl 32]} Nxg2 25. Kxg2 Rxe6 26. fxe6 ({Less strong is} 26. dxe6 Qc6+ 27. Qd5 Bb7 $16) 26... Qe7 27. Rf3 Rf8 28. Rxf8 Bxf8 29. Qf3 Bg7 30. b3 Kg8 31. Be3 {White is clearly winning.} c6 32. dxc6 {[%cal Bd5c6,Bc6c7][%mdl 32]} Bc8 {[#]} 33. Qf7+ $1 Qxf7 34. exf7+ Kf8 35. Nxd6 Bxg4 36. c7 {Precision: White = 91%, Black = 38%.} 1-0

[Event "FIDE World Cup 2017"]
[Site "Tbilisi"]
[Date "2017.09.05"]
[Round "1.5"]
[White "Gonzalez Vidal, Yuri"]
[Black "Harikrishna, P."]
[Result "1/2-1/2"]
[WhiteElo "2547"]
[BlackElo "2741"]
[Annotator "TA"]
[PlyCount "92"]
[EventDate "2017.??.??"]
[EventType "k.o."]
[EventCountry "GEO"]
[SourceTitle "playchess.com"]
[Source "ChessBase"]
[SourceQuality "1"]

{[%evp 16,92,25,28,41,38,47,50,41,30,20,31,29,12,22,10,10,8,16,0,10,12,19,10,37,6,13,7,4,8,7,4,3,6,13,15,25,10,6,8,8,8,8,7,6,6,7,9,12,6,9,7,17,5,9,5,5,0,0,0,0,0,0,0,0,0,0,0,0,0,0,0,0,0,0,0,0,0,0]} 1. e4 e6 2. d4 d5 3. Nd2 c5 4. Ngf3 Nc6 5. exd5 exd5 6. Bb5 Qe7+ 7. Be2 Qc7 {C09: French Tarrasch: 3...c5 4 exd5 exd5 5 Ngf3 Nc6} 8. O-O Nf6 9. Re1 {LiveBook: 30 Games} Be7 {White has an edge.} (9... cxd4 10. Nb3 Bb4 11. Bd2 Bxd2 12. Qxd2 O-O 13. Nfxd4 Bd7 14. Nxc6 bxc6 15. Nc5 {½-½ (28) Rublevsky,S (2702)-Zvjaginsev,V (2660) Berlin 2015}) 10. dxc5 Bxc5 11. Nb3 Be7 $146 ({Predecessor:} 11... Bb6 12. Bd3+ Be6 13. Be3 O-O 14. Qd2 Rad8 15. Bxb6 Qxb6 {½-½ (52) Salomon,J (2470)-Johansson,L (2412) Gothenburg 2016}) 12. h3 h6 13. Bd3 O-O 14. c3 Re8 15. Bc2 Bd7 16. Be3 Rad8 17. Bc5 (17. Qd3 {looks sharper.} Bd6 18. Bc5 Bf4 19. Rad1 g6 20. Qf1) 17... Bxc5 18. Nxc5 Rxe1+ 19. Qxe1 d4 (19... Qb6 {is interesting.} 20. Nxd7 Rxd7 21. Bb3 d4 22. cxd4 Nxd4 23. Nxd4 Qxd4 24. Rd1 Qe4) 20. Nxd7 Rxd7 21. cxd4 Nxd4 22. Nxd4 Rxd4 23. Bb3 Re4 24. Qd2 Qe7 25. Rc1 g5 26. Rc8+ Kg7 {The position is equal.} 27. Qc3 {And now Rc7 would win.} Re1+ 28. Kh2 {Threatens to win with Rc7.} Qd6+ 29. g3 Re7 30. Kg2 Qd7 31. Rc5 Qd6 32. Rf5 Rd7 33. Qf3 Rc7 34. Qe3 Qc6+ 35. Kh2 Qe4 $132 {[%mdl 2048] Black has counterplay} 36. Qxe4 Nxe4 $11 {[%mdl 4096] Endgame KRB-KRN} 37. Kg2 b6 38. Re5 Nc5 39. Bc2 Kf6 (39... Ne6 $5 {[%cal Rc7c2]} 40. Bb3 Nd4 $11) 40. Re3 Ne6 41. Rf3+ Kg7 42. Be4 Nc5 43. Bc2 Rd7 44. b4 Rd2 45. bxc5 Rxc2 46. cxb6 axb6 {Precision: White = 57%, Black = 71%.} 1/2-1/2

[Event "FIDE World Cup 2017"]
[Site "Tbilisi"]
[Date "2017.09.05"]
[Round "1.5"]
[White "Palac, Mladen"]
[Black "Nepomniachtchi, Ian"]
[Result "1/2-1/2"]
[WhiteElo "2535"]
[BlackElo "2741"]
[Annotator "TA"]
[PlyCount "17"]
[EventDate "2017.??.??"]
[EventType "k.o."]
[EventCountry "GEO"]
[SourceTitle "playchess.com"]
[Source "ChessBase"]
[SourceQuality "1"]

{[%evp 16,17,65,0]} 1. e4 c5 2. Nf3 d6 3. d4 cxd4 4. Nxd4 Nf6 5. Nc3 a6 6. Be3 $146 ({Find the theoretical novelty and annotate with similar games:} 6. f3 e5 7. Nb3 Be6 8. Be3 h5 9. Nd5 Bxd5 10. exd5 Nbd7 11. Qd2 g6 12. O-O-O Nb6 13. Qa5 Bh6 14. Bxh6 Rxh6 15. Qd2 Rh8 16. f4 exf4 17. Qxf4 {½-½ (57) Ponomariov,R (2699)-Wang,H (2698) Danzhou 2017}) 6... Ng4 7. Bc1 Nf6 8. Be3 Ng4 9. Bc1 {LiveBook: 918 Games} (9. Bg5 $1 $14) 1/2-1/2

[Event "FIDE World Cup 2017"]
[Site "Tbilisi"]
[Date "2017.09.05"]
[Round "1.6"]
[White "Harikrishna, P."]
[Black "Gonzalez Vidal, Yuri"]
[Result "1-0"]
[WhiteElo "2741"]
[BlackElo "2547"]
[Annotator "TA"]
[PlyCount "91"]
[EventDate "2017.??.??"]
[EventType "k.o."]
[EventCountry "GEO"]
[SourceTitle "playchess.com"]
[Source "ChessBase"]
[SourceQuality "1"]

{[%evp 31,91,0,16,0,4,-8,0,0,-1,-35,-15,-22,-26,-23,-14,-12,-25,-11,5,5,5,5,5,2,4,4,6,3,5,5,4,4,60,39,54,61,59,54,40,22,45,45,45,0,0,0,52,52,159,160,479,480,957,947,849,335,29986,29987,29987,29988,29988,29989]} 1. e4 e5 2. Nf3 Nc6 3. Bb5 a6 4. Ba4 Nf6 5. O-O Be7 6. Re1 b5 7. Bb3 d6 8. c3 O-O 9. h3 Nb8 10. d4 Nbd7 11. Nbd2 c5 12. Nf1 {C95: Closed Ruy Lopez: Breyer Variation with 10 d4} Re8 13. Ng3 Bf8 14. Bc2 (14. Nf5 exd4 15. cxd4 Bb7 16. e5 dxe5 17. dxe5 Bxf3 18. Qxf3 Nxe5 19. Rxe5 Rxe5 {½-½ (37) Navara,D (2737)-Ponomariov,R (2709) Czech Republic 2017}) 14... cxd4 15. cxd4 exd4 16. Nxd4 Bb7 {LiveBook: 3 Games} 17. Bf4 g6 18. a4 bxa4 $146 ({Find the theoretical novelty and annotate with similar games:} 18... Qb6 19. Qd2 Ne5 20. b3 bxa4 21. bxa4 {½-½ (31) Ottesen,S (2413)-Klausen,T (2487) ICCF email 2011}) 19. Bxa4 Nxe4 20. Bc6 (20. Nc6 {is more complex.} Qb6 21. Nxe4 Bxc6 22. Bxc6 Qxc6 23. Rc1) 20... Bxc6 21. Nxc6 Qf6 22. Rxe4 Rxe4 23. Nxe4 Qxf4 24. Ra4 Rc8 25. g3 Qh6 26. Rc4 Re8 $132 {[%mdl 2048] Black is not keeping still} 27. Kg2 Qg7 28. Nxd6 Re6 $1 {[%cal Re6d6]} 29. Nf5 gxf5 30. Qxd7 Qxb2 31. Nd4 Rf6 (31... Qd2 $11) 32. Nxf5 {[#] Threatens to win with Qd8.} (32. Rc8 $5 {[%cal Rd7e7]} Qb4 33. Qd8 $16) 32... Qb5 33. Rg4+ Rg6 34. Qc8 {Ne7+ is the strong threat.} Qd5+ 35. Kg1 {Black must now prevent Ne7+.} (35. Kh2 $5 {[%cal Rf5e7]} Qc5 36. Qxc5 Bxc5 37. Rc4 $16) 35... Qe6 36. Nh6+ Kg7 $1 37. Nf5+ Kg8 $1 38. Nh6+ (38. Rc4 $11) 38... Kg7 $1 $14 39. Qc3+ $1 f6 ({Better is} 39... Qf6 $1 $14 40. Nf5+ Kh8) 40. Qc7+ $16 Be7 $2 {[#]} (40... Kh8 $16 {is more resistant.}) 41. Nf5+ $1 $18 {[%mdl 512]} Qxf5 (41... Kf8 $142 42. Rf4 (42. Nxe7 Rxg4 43. hxg4 Qxe7 $16) 42... Rg5) 42. Qxe7+ Kg8 43. Rb4 $2 (43. Qe8+ Kg7 44. Re4) 43... Qe5 $2 (43... Kh8 $18 44. Rb8+ Rg8) 44. Qd8+ {White mates.} Kg7 45. Rb7+ Kh6 46. Qf8+ {Precision: White = 67%, Black = 37%.} 1-0